| 000 | 00894nam a22002775i 4500 | ||
|---|---|---|---|
| 001 | 17923050 | ||
| 003 | PILC | ||
| 005 | 20160602135646.0 | ||
| 008 | 131030s2013 inu 000 0 eng | ||
| 010 | _a 2013954088 | ||
| 020 | _a9781118729168 (pbk. : alk. paper) | ||
| 020 | _a1118729161 (pbk. : alk. paper) | ||
| 040 |
_aDLC _beng _erda _cDLC |
||
| 042 | _apcc | ||
| 050 |
_aHD 69.P75 _b.W994 2014 |
||
| 100 | 1 | _aWysocki, Robert K. | |
| 245 | 1 | 0 |
_aEffective project management : _btraditional, agile, extreme, seventh edition / _cRobert K Wysocki. |
| 250 | _a7th edition. | ||
| 260 |
_aIn : _bJohn Wiley & Sons, Inc., _c2014. |
||
| 263 | _a1312 | ||
| 300 |
_axlii, 726 pages : _billustrations ; _c24 cm. |
||
| 500 | _aIncludes appendix, bibliographical references and index. | ||
| 906 |
_a0 _bibc _corignew _d2 _eepcn _f20 _gy-gencatlg |
||
| 942 |
_2lcc _cBK |
||
| 999 |
_c295573 _d295573 |
||